[Event "IECG CB.2003.0.00095 email"]
[Site "IECG email"]
[Date "2003.10.28"]
[Round "?"]
[White "Osipov, Anatoly Vladimirovi"]
[Black "Hissen, Tobias"]
[Result "1-0"]
[WhiteElo "1700"]
[BlackElo "1816"]
[PlyCount "37"]
[EventDate "2003.10.08"]
[EventType "tourn (corr)"]
[EventRounds "6"]
[SourceTitle "Corr 2008"]
[Source "ChessBase"]
[SourceDate "2008.06.24"]
[SourceVersion "1"]
[SourceVersionDate "2008.06.24"]
[SourceQuality "1"]

1. e4 e5 2. Nf3 Nc6 3. Bb5 a6 4. Ba4 Nf6 5. 0-0 Nxe4 6. d4 b5 7. Bb3 d5 8. dxe5 Be6 9. Qe2 Be7 10. Rd1 0-0 11. c4 bxc4 12. Bxc4 Qd7 13. Nc3 Nxc3 14. bxc3 f6 15. exf6 Bxf6 16. Ng5 Bxg5 17. Bxg5 h6 18. Be3 Ne5 19. Bb3 1-0

[Event "IECG CB.2003.0.00095 email"]
[Site "IECG email"]
[Date "2003.10.25"]
[Round "?"]
[White "Hissen, Tobias"]
[Black "Laczay, Istvan"]
[Result "0-1"]
[WhiteElo "1816"]
[BlackElo "1908"]
[PlyCount "36"]
[EventDate "2003.10.08"]
[EventType "tourn (corr)"]
[EventRounds "6"]
[SourceTitle "Corr 2008"]
[Source "ChessBase"]
[SourceDate "2008.06.24"]
[SourceVersion "1"]
[SourceVersionDate "2008.06.24"]
[SourceQuality "1"]

1. e4 c5 2. Nf3 d6 3. d4 cxd4 4. Nxd4 Nf6 5. Nc3 g6 6. Be3 Bg7 7. f3 0-0 8. Qd2 Nc6 9. Bc4 Ne5 10. Be2 Bd7 11. h4 h5 12. 0-0-0 Rc8 13. Bh6 Bxh6 14. Qxh6 Rxc3 15. bxc3 Qa5 16. Kd2 Rc8 17. Qe3 b5 18. Nb3 Qa3 0-1